000 01857nam0a2200361 4500
001 RU\NLR\bibl\1517372
005 20241119214813.0
020 _aRU
_b00-1676
_9Летопись авторефератов диссертаций
021 _aRU
_b2010-2023а
_9081аа
035 _a(NLR Aleph) 001508746
090 _a66881
_c66881
100 _a20100412d2009 u u0rusy50 ca
101 0 _arus
102 _aRU
105 _aa dm |||||
200 1 _aТеоретические и методические подходы к формированию региональной лекарственной политики
_e(на примере Республики Татарстан)
_eавтореферат диссертации на соискание ученой степени д. фарм. н.
_eспециальность 15.00.01 <Технология лекарств и организация фармацевтического дела>
_fЯркаева Фарида Фатыховна
_g[Казан. гос. мед. ун-т]
210 _aПермь
_d2009
215 _a33 с.
_cил.
_d21
320 _aБиблиогр.: с. 29-33 (58 назв.)
327 0 _aМесто защиты: Перм. гос. фармацевт. акад. Росздрава
610 0 _aТатарстан, фармацевт. науки
675 _a615.1/.4
_v3
_zrus
686 _a76.31
_2rugasnti
686 _a52.8
_2rubbk
686 _a15.00.01
_2oksvnk
700 1 _aЯркаева
_bФ. Ф.
_gФарида Фатыховна
_4070
801 0 _aRU
_bRKP
_c20100412
_gPSBO
801 1 _aRU
_bRKP
_c20100412
801 2 _aRU
_bNLR
_c20100531
_grcr
901 _eАвторефераты
942 _cBOOK
981 1 0 _a(10) Авторефераты